000 00286nam a22001217a 4500
040 _cHS
082 _a636
100 _aG.I.BARROW
245 _aCowan and steel's manual for the identification of medical bacteria
260 _aAmerican
_bG.I.BARROW
_cNA
300 _a238p.
942 _cEK
999 _c8753
_d8753